header

The strategic management of intellectual capital and organizational knowledge (Record no. 21172)

MARC details
000 -LEADER
fixed length control field 01292nam a2200337Ia 4500
245 04 - TITLE STATEMENT
Title The strategic management of intellectual capital and organizational knowledge
260 ## - PUBLICATION, DISTRIBUTION, ETC. (IMPRINT)
Place of publication New York :
Name of publisher Oxford University Press,
Year of publication 2002.
300 ## - PHYSICAL DESCRIPTION
Number of Pages xix, 748 p. :
Other physical details ill.
650 #0 - SUBJECT ADDED ENTRY--TOPICAL TERM
Topical Term Intellectual capital.
Topical Term Organizational learning.
Topical Term Knowledge management.
700 1# - ADDED ENTRY--PERSONAL NAME
Personal name Choo, Chun Wei.
Personal name Bontis, Nick.
856 40 - ELECTRONIC LOCATION AND ACCESS
Uniform Resource Identifier http://site.ebrary.com/lib/rucke/Doc?id=10272820

No items available.

© 2026 Rongo University
Contact us: librarian | system librarian | Rongo university